Statystyki dla Skład Realu Betis w La Liga 2023/24

Kliknij tutaj aby rozwiązać quiz!

Ogólne statystyki

  • Ten quiz został rozwiązany 14 razy
  • Średni wynik to 11 z 25

Statystyki odpowiedzi

NumerZawodnik% Poprawnych
8Nabil Fekir
100%
9Borja Iglesias
73%
1Claudio Bravo
64%
2Hector Bellerin
64%
22Isco
64%
3Juan Miranda
55%
11Luiz Henrique
55%
15Marc Bartra
55%
14William Carvalho
55%
12Willian Jose
55%
24Aitor Ruibal
45%
10Ayoze Perez
45%
5Guifo Rodriguez
45%
13Rui Silva
45%
18Andres Guardado
36%
28Chadi Riad
36%
6German Pezzella
36%
21Marc Roca
36%
23Youssouf Sabaly
36%
16Juan Cruz
27%
27Sergi Altimira
27%
20Abner Vinicius
9%
19Luiz Felipe
9%
17Rodri Sanchez
9%
4Paul Akouokou
0%

Rozkład punktacji

Percentyl według liczby udzielonych odpowiedzi

Procent ludzi z każdym wynikiem

Twoja historia wyników

Nie rozwiązałeś tego quizu